00714 2200277 4500001002100000005001700021008004100038020001700079035002400096082001100120090001800131100001200149245006900161250001000230260002800240300001900268500003100287650002100318700001800339850001500357980001300372985000600385999001500391999001500406999001500421YOGYA-0209000003989120090227025605.0 ind  a979-9908-9-1 0010-020900000039891 a808.02 a808.02bLas M aLASA HS aMenulis itu segampang ngomongcLasa Hs; penyunting, Nuga Effendi aCet.1 aYogyakartabPinusc2006 a229 hlmc19 cm aBibliografi : hlm. 225-227 aTeknik penulisan aEffendi, Nufa aYOPDYOG(M) a22-10-07 a3 a07B0029954 a07B0029955 a07B0029956